RCD Mallorca Squad 2024-2025 - Statistics

General Stats
  • This quiz has been taken 142 times
    68 since last reset
  • The average score is 20 of 28
Answer Stats
# Position Nation Player % Correct
14 MF Spain Dani Rodríguez
95%
7 FW Kosovo Vedat Muriqi
95%
17 FW Canada Cyle Larin
90%
23 DF Argentina Pablo Maffeo
90%
24 DF Slovakia Martin Valjent
86%
22 DF Colombia Johan Mojica
83%
10 MF Spain Sergi Darder
83%
1 GK Slovakia Dominik Greif
81%
13 GK Spain Leo Román
81%
12 MF Portugal Samú Costa
81%
11 FW Japan Takuma Asano
81%
21 DF Spain Antonio Raíllo
79%
- Coach Spain Jagoba Arrasate
76%
9 FW Spain Abdón Prats
74%
6 DF Spain José Copete
69%
5 MF Equatorial Guinea Omar Mascarell
69%
25 GK Spain Iván Cuéllar
67%
4 DF Belgium Siebe Van der Heyden
64%
18 MF Spain Antonio Sánchez
62%
20 FW Portugal Chiquinho
62%
3 DF Spain Toni Lato
62%
16 FW Spain Valery Fernández
62%
8 MF Spain Manu Morlanes
60%
2 DF Spain Mateu Morey
60%
27 MF Spain Robert Navarro
60%
32 DF Spain David López
48%
19 FW Spain Javi Llabrés
48%
33 MF Colombia Daniel Luna
31%
No matching quizzes found
Score Distribution
Percent of People with Each Score
Percentile by Number Answered
Your Score History
You have not taken this quiz since the last reset